LEADER 01023nam0-2200373---450 001 990009468320403321 005 20180905125958.0 035 $a000946832 035 $aFED01000946832 035 $a(Aleph)000946832FED01 100 $a20111027g19691970km-y0itay50------ba 101 0 $aita 102 $aIT 105 $ay-------001yy 200 1 $aAnalisi dei prodotti alimentari$fFernando Tateo 210 $aPinerolo$cChiriotto$d1969-1970 215 $a2 v.$d25 cm 610 0 $aAlimenti$aAnalisi 676 $a543.1$v23$zita 700 1$aTateo,$bFernando$069061 801 0$aIT$bUNINA$gRICA$2UNIMARC 901 $aBK 912 $a990009468320403321 952 $a541-92$b6481$fDMVBF 952 $a541-93$b6562$fDMVBF 952 $a51 C 30$b7666$fDMVAP 952 $a51 C 31$b7834$fDMVAP 952 $a60 543.1 B 34:1$b42964$fFAGBC 952 $a60 543.1 B 34:2$b42965$fFAGBC 959 $aDMVAP 959 $aDMVBF 959 $aFAGBC 996 $aAnalisi dei prodotti alimentari$977881 997 $aUNINA LEADER 03391nam 2200673Ia 450 001 9910458807603321 005 20200520144314.0 010 $a0-19-756272-8 010 $a0-19-045282-X 010 $a1-282-50095-3 010 $a9786612500954 010 $a0-19-974191-3 035 $a(CKB)2670000000012848 035 $a(EBL)497638 035 $a(OCoLC)593240219 035 $a(SSID)ssj0000334712 035 $a(PQKBManifestationID)12091760 035 $a(PQKBTitleCode)TC0000334712 035 $a(PQKBWorkID)10270859 035 $a(PQKB)10783649 035 $a(MiAaPQ)EBC497638 035 $a(StDuBDS)EDZ0002341768 035 $a(Au-PeEL)EBL497638 035 $a(CaPaEBR)ebr10376686 035 $a(CaONFJC)MIL250095 035 $a(EXLCZ)992670000000012848 100 $a20090724d2010 uy 0 101 0 $aeng 135 $aur|n|---||||| 181 $ctxt 182 $cc 183 $acr 200 00$aAniridia and WAGR syndrome$b[electronic resource] $ea guide for patients and families /$fedited by Jill Ann Nerby and Jessica J. Otis 210 $aOxford ;$aNew York $cOxford University Press$dc2010 215 $a1 online resource (208 p.) 225 1 $aOxford scholarship online 300 $aPreviously issued in print: 2010. 311 $a0-19-538930-1 320 $aIncludes bibliographical references and index. 327 $aPreface; Contents; About the Authors; 1. Aniridia, WAGR Syndrome, and Associated Conditions; 2. Inspirations; 3. Aniridia-Epidemiology and Genetics; 4. Personal Experiences of Individuals with Aniridia; 5. Glaucoma Problems Associated with Aniridia; 6. Cornea and Lens Problems in Aniridia; 7. Low Vision and Aniridia; 8. Psychological Support; 9. Parents' Experiences; 10. Parents' and Families' Guide; 11. Teachers' and School Administrators' Guide; 12. Jill Nerby and Aniridia Foundation International; 13. Other Support Services; Appendix; Glossary; Index 330 8 $aWhen a child is born without a complete iris, it is usually a symptom of a broader condition. Known as aniridia, this condition can also be a sign other parts of the eye are underdeveloped as well. Moreover, recent research shows that the gene involved can also affect the kidneys, pancreas and forebrain, so aniridia can coincide with a range of symptoms known as WAGR syndrome. Until recently, however, there was very little information available on aniridia and WAGR Syndrome. Even now, not all of the available information is current or correct, so that when a child is diagnosed with aniridia, the parents often find or are given information that is confusing and even frightening. Our hope is to enlighten and encourage those affected by aniridia and WAGR Syndrome by providing patient support and medical information. 410 0$aOxford scholarship online. 606 $aIris (Eye)$xDiseases$vPopular works 606 $aGenetic disorders$vPopular works 606 $aSyndromes$vPopular works 608 $aElectronic books. 615 0$aIris (Eye)$xDiseases 615 0$aGenetic disorders 615 0$aSyndromes 676 $a617.7/2 701 $aNerby$b Jill Ann$0893169 701 $aOtis$b Jessica J$0893170 801 0$bMiAaPQ 801 1$bMiAaPQ 801 2$bMiAaPQ 906 $aBOOK 912 $a9910458807603321 996 $aAniridia and WAGR syndrome$91994914 997 $aUNINA LEADER 06054nam 2200841Ia 450 001 9910784773203321 005 20230331005357.0 010 $a1-281-22306-9 010 $a9786611223069 010 $a0-226-00096-6 024 7 $a10.7208/9780226000961 035 $a(CKB)1000000000401348 035 $a(EBL)408318 035 $a(OCoLC)212407640 035 $a(SSID)ssj0000176857 035 $a(PQKBManifestationID)11177896 035 $a(PQKBTitleCode)TC0000176857 035 $a(PQKBWorkID)10206255 035 $a(PQKB)10160016 035 $a(MiAaPQ)EBC408318 035 $a(DE-B1597)523124 035 $a(OCoLC)781254016 035 $a(DE-B1597)9780226000961 035 $a(Au-PeEL)EBL408318 035 $a(CaPaEBR)ebr10216919 035 $a(CaONFJC)MIL122306 035 $a(EXLCZ)991000000000401348 100 $a19910530d1991 uy 0 101 0 $aeng 135 $aurcn||||||||| 181 $ctxt 182 $cc 183 $acr 200 00$aImmigration, trade, and the labor market$b[electronic resource] /$fedited by John M. Abowd and Richard B. Freeman 210 $aChicago $cUniversity of Chicago Press$d1991 215 $a1 online resource (446 p.) 225 1 $aNational Bureau of Economic Research project paper 300 $a"Papers presented at a conference held in Cambridge, Massachusetts, 11-12 September 1987"--Pref. 311 $a0-226-00095-8 320 $aIncludes bibliographical references and indexes. 327 $tFront matter --$tContents --$tPreface --$tIntroduction and Summary --$t1. Immigration and Self-Selection --$t2. Undocumented Mexican-born Workers in the United States: How Many, How Permanent? --$t3. The Effect of Policy Restrictions on Capital and Labor Flows in Mexico --$t4. Internal Migration of U.S. Immigrants --$t5. Migration, Ethnicity, and Labor Force Activity --$t6. Labor Market Adjustments to Increased Immigration --$t7. The Effects of Immigration on the Labor Market Outcomes of Less-skilled Natives --$t8. Industrial Wage and Employment Determination in an Open Economy --$t9. Foreign-Owned Businesses in the United States --$t10. Immigration, International Trade, and the Wages of Native Workers --$t11. Immigrants, Labor Market Pressures, and the Composition of the Aggregate Demand --$t12. An Analysis of the Earnings of Canadian Immigrants --$t13. The Effects of International Competition on Collective Bargaining Outcomes: A Comparison of the United States and Canada --$t14. Male Immigrant Wage and Unemployment Experience in Australia --$t15. Why Are Low-skilled Immigrants in the United States Poorly Paid Relative to Their Australian Counterparts? Some of the Issues Illustrated in the Context of the Footwear, Clothing, and Textile Industries --$tAppendix: The NBER Immigration, Trade, and Labor Markets Data Files --$tContributors --$tAuthor Index --$tSubject Index 330 $aAre immigrants squeezing Americans out of the work force? Or is competition with foreign products imported by the United States an even greater danger to those employed in some industries? How do wages and unions fare in foreign-owned firms? And are the media's claims about the number of illegal immigrants misleading? Prompted by the growing internationalization of the U.S. labor market since the 1970's, contributors to Immigration, Trade, and the Labor Market provide an innovative and comprehensive analysis of the labor market impact of the international movements of people, goods, and capital. Their provocative findings are brought into perspective by studies of two other major immigrant-recipient countries, Canada and Australia. The differing experiences of each nation stress the degree to which labor market institutions and economic policies can condition the effect of immigration and trade on economic outcomes Contributors trace the flow of immigrants by comparing the labor market and migration behavior of individual immigrants, explore the effects of immigration on wages and employment by comparing the composition of the work force in local labor markets, and analyze the impact of trade on labor markets in different industries. A unique data set was developed especially for this study-ranging from an effort to link exports/imports with wages and employment in manufacturing industries, to a survey of illegal Mexican immigrants in the San Diego area-which will prove enormously valuable for future research. 410 0$aNational Bureau of Economic Research project paper. 606 $aForeign workers$zAustralia$vCongresses 606 $aForeign workers$zCanada$vCongresses 606 $aForeign workers$zUnited States$vCongresses 606 $aForeign trade and employment$zAustralia$vCongresses 606 $aForeign trade and employment$zCanada$vCongresses 606 $aForeign trade and employment$zUnited States$vCongresses 606 $aLabor market$zAustralia$vCongresses 606 $aLabor market$zCanada$vCongresses 606 $aLabor market$zUnited States$vCongresses 610 $aimmigrant, immigration, marketplace, laborer, america, american, united states, usa, work force, competition, products, foreign, imports, import, industry, industrial, wage, union, media, news, myths, international, internationalization, essay collection, anthology, illegal, law, controversial, controversy, local, locale, congresses. 615 0$aForeign workers 615 0$aForeign workers 615 0$aForeign workers 615 0$aForeign trade and employment 615 0$aForeign trade and employment 615 0$aForeign trade and employment 615 0$aLabor market 615 0$aLabor market 615 0$aLabor market 676 $a331.6/2 676 $a331.62 701 $aAbowd$b John M$0125329 701 $aFreeman$b Richard B$g(Richard Barry),$f1943-$0118990 801 0$bMiAaPQ 801 1$bMiAaPQ 801 2$bMiAaPQ 906 $aBOOK 912 $a9910784773203321 996 $aImmigration, trade, and the labor market$93720125 997 $aUNINA